000 01390cam a22003977a 4500
001 000076664
003 CHAP
005 20220329141806.0
008 971013s1967 r 00010 d
010 _a73899
011 _a74871
035 _a84430
040 _cCHAP
090 _aFolleto 1553
100 1 _aBarrera Vásquez, Alfredo.
_910423
245 1 4 _aLas ciencias biológicas en México ; su situación actual ; posibilidades de desarrollo.
260 _a(México, D. F. ) :
_b(s.n.),
_c(1967).
300 _a55 h.
490 1 _aDoc. CT-CB-B-1/67
590 _aBATCH-UPD
_b10
_c20130109
_lUCH01
_h2309
590 _aBATCH-UPD
_b10
_c20130110
_lUCH01
_h1730
590 _aBATCH-UPD
_b10
_c20130409
_lUCH01
_h1826
590 _aBATCH-UPD
_b10
_c20130410
_lUCH01
_h1112
590 _aBATCH-UPD
_b10
_c20130914
_lUCH01
_h0541
590 _aBATCH-UPD
_b10
_c20140618
_lUCH01
_h1316
590 _aCONVERSION
_b10
_c20130109
_lUCH01
_h1340
590 _aE5995AHE
_b05
_c20141121
_lUCH01
_h0922
650 1 4 _aBiología
_xEstudio y enseñanza.
_912782
650 1 4 _aBiología
_xInvestigación.
_912787
711 0 _aReunión Nacional de Ciencia y Tecnología para el Desarrollo Económico y Social de México
_d(1967 :
_cMéxico, D.F.)
_996438
830 0 _aDoc. CT-CB-B-1/67
_933161
901 _aBK
942 _cTESIS
942 _n0
949 _aFolleto 1553
_bBC
_cTES
_d-39771
_eTS1
_i84430
_si
999 _c73899
_d73899